000 01030nam a2200325Ia 4500
001 Z_5224
003 CHAP
008 220113s2005 xx 000 0 und d
010 _a168286
040 _cCHAP
090 _aTesis S 1849
100 _aSánchez Santillán, Paulino
_9107845
245 _aContenido mineral en suero sanguíneo de ovinos en el municipio de Huamantla, Tlaxcala /
_cpor Paulino Sánchez Santillán
260 _aChapingo, Méx. :
_bEl autor,
_c2005
300 _a66 h.
502 _aTesis (Ing. Agr. Esp. en Zootecnia) -- UACH. Departamento de Zootecnia
650 _aGanado lanar
_x
_xTlaxcala
_9142553
650 _aGanado lanar
_xNutrición
_945205
650 _aGanado lanar
_xSangre
_945222
650 _aMinerales en nutrición animal
_975937
650 _aSangre
_xAnálisis y química
_9102211
650 _aSangre
_xGanado
_9102215
650 _aSuero sanguíneo
_9110588
901 _aTESIS S 1849
902 _aM
910 _a2005
942 _c2
942 _c2
999 _c168286
_d168286